000 00526nam a2200181 4500
001 131844
003 ES-MaACL
005 20230906194045.0
007 t|
008 070214s1980 sp r ||||1| spa d
245 0 0 _aPablo Neruda /
_cedición de Emir Rodríguez Monegal y Enrico Mario Santí.
260 _aMadrid :
_bTaurus,
_c1980.
300 _a322 p. ;
_c21 cm.
700 1 _aRodríguez Monegal, Emir.
_998673
700 1 _aSanti, Enrico Mario.
_9177919
852 _aES-MaACL
_jL-219
_bR.101018
999 _c131844
_d131844